000 01050nam a2200277Ia 4500
003 OSt
005 20220923211213.0
006 a|||||r|||| 00| 0
007 ta
008 220922b |||||||| |||| 00| 0 hin d
020 _a9788126026319
_c80
024 _a258,754
037 _b311, 30/06/2011, Vani Prakashan
_cTextual
040 _aARTS
_cARTS
_bhin
041 _2hin
_ahin
082 _aO152,1I83:g, P8
100 _aपांडेय, मैनेजर
_9159567
245 0 _aसूरदास
_b भारतीय साहित्य के निर्माता
246 _aSūradāsa: bhāratīya sāhitya ke nirmātā
260 _aनई दिल्ली
_b साहित्य अकादेमी
_c2008
300 _a134पृ.
_ccm.
650 _a हिन्दी कविता
650 _aहिन्दी साहित्य
_9156264
942 _hO152,1I83:g, P8
_cTEXL
_2CC
999 _c296779
_d296779